Интерпретация авторского замысла через анализ аллюзивных онимов (на материале английского языка); Вестник науки Сибири; № 1 (2)
| Parent link: | Вестник науки Сибири: электронный научный журнал/ Томский политехнический университет (ТПУ).— , 2011-.— 2226-0064 № 1 (2).— 2012.— [С. 266-271] |
|---|---|
| Autor principal: | |
| Resumo: | Заглавие с титульного листа В статье анализируются аллюзивные онимы как средство интерпретации авторского замысла. Аллюзивные онимы обогащают художественный текст и дают авторам возможность передать информацию в некой зашифрованной форме. Процесс декодирования может быть интересным и увлекательным, однако при отсутствии знаний прецедентных текстов интерпретация авторского замысла может оказаться неполной. |
| Idioma: | russo |
| Publicado em: |
2012
|
| Colecção: | Филология. Педагогика |
| Assuntos: | |
| Acesso em linha: | http://earchive.tpu.ru/handle/11683/16008 |
| Formato: | Recurso Electrónico Capítulo de Livro |
| KOHA link: | https://koha.lib.tpu.ru/cgi-bin/koha/opac-detail.pl?biblionumber=479135 |
MARC
| LEADER | 00000naa2a2200000 4500 | ||
|---|---|---|---|
| 001 | 479135 | ||
| 005 | 20231101093252.0 | ||
| 035 | |a (RuTPU)RU\TPU\prd\146000 | ||
| 035 | |a RU\TPU\prd\145999 | ||
| 090 | |a 479135 | ||
| 100 | |a 20120705d2012 k y0rusy50 ca | ||
| 101 | 0 | |a rus | |
| 102 | |a RU | ||
| 135 | |a drnn ---uucaa | ||
| 181 | 0 | |a i | |
| 182 | 0 | |a b | |
| 200 | 1 | |a Интерпретация авторского замысла через анализ аллюзивных онимов (на материале английского языка) |f А. Б. Цыренова | |
| 203 | |a Текст |c электронный | ||
| 215 | |a 1 файл (525 Кб) | ||
| 225 | 1 | |a Филология. Педагогика | |
| 230 | |a Электронные текстовые данные (1 файл : 525 Кб) | ||
| 300 | |a Заглавие с титульного листа | ||
| 320 | |a [Библиогр.: с. 270-271 (7 назв.)] | ||
| 330 | |a В статье анализируются аллюзивные онимы как средство интерпретации авторского замысла. Аллюзивные онимы обогащают художественный текст и дают авторам возможность передать информацию в некой зашифрованной форме. Процесс декодирования может быть интересным и увлекательным, однако при отсутствии знаний прецедентных текстов интерпретация авторского замысла может оказаться неполной. | ||
| 337 | |a Adobe Reader | ||
| 461 | 1 | |0 (RuTPU)RU\TPU\prd\143680 |x 2226-0064 |t Вестник науки Сибири |o электронный научный журнал |f Томский политехнический университет (ТПУ) |d 2011- | |
| 463 | 1 | |0 (RuTPU)RU\TPU\prd\145194 |t № 1 (2) |v [С. 266-271] |d 2012 | |
| 610 | 1 | |a лингвистика | |
| 610 | 1 | |a языкознание | |
| 610 | 1 | |a аллюзивные онимы | |
| 610 | 1 | |a аллюзии | |
| 610 | 1 | |a анализ | |
| 610 | 1 | |a авторский замысел | |
| 610 | 1 | |a интерпретация | |
| 610 | 1 | |a прецедентные тексты | |
| 610 | 1 | |a труды учёных ТПУ | |
| 610 | 1 | |a электронный ресурс | |
| 675 | |a 81'37 |v 3 | ||
| 675 | |a 003 |v 3 | ||
| 675 | |a 81'22 |v 3 | ||
| 700 | 1 | |a Цыренова |b А. Б. |c лингвист |c преподаватель Томского политехнического университета |f 1982- |g Александра Бабасановна |2 stltpush |3 (RuTPU)RU\TPU\pers\29734 | |
| 801 | 1 | |a RU |b 63413507 |c 20090623 |g PSBO | |
| 801 | 2 | |a RU |b 63413507 |c 20180115 |g PSBO | |
| 856 | 4 | |u http://earchive.tpu.ru/handle/11683/16008 | |
| 942 | |c BK | ||